Fr. Conceicao Rodrigues College of Engineering

Mechanical engineering (Record no. 23193)

MARC details
000 -LEADER
fixed length control field 00278nam a2200133Ia 4500
082 ## - DEWEY DECIMAL CLASSIFICATION NUMBER
Classification number 621
100 ## - MAIN ENTRY--PERSONAL NAME
Personal name Srivastava/ S.B
245 ## - TITLE STATEMENT
Title Mechanical engineering
260 ## - PUBLICATION, DISTRIBUTION, ETC.
Name of publisher, distributor, etc. Asia Pub.
Place of publication, distribution, etc. Bombay
Date of publication, distribution, etc. 1977
300 ## - PHYSICAL DESCRIPTION
Extent 430
546 ## - LANGUAGE NOTE
Language note ENGLISH
654 ## - SUBJECT ADDED ENTRY--FACETED TOPICAL TERMS
Focus term Mechanicial
942 ## - ADDED ENTRY ELEMENTS (KOHA)
Koha item type BOOK
Holdings
Withdrawn status Lost status Damaged status Not for loan Collection Home library Current library Shelving location Date acquired Source of acquisition Cost, normal purchase price Inventory number Total Checkouts Full call number Barcode Date last seen Cost, replacement price Price effective from Koha item type
        AFT Fr. Agnel's C.Rodrigues College of Engineering Fr. Agnel's C.Rodrigues College of Engineering   17/03/2023 UBS 40.00 T-64   621 AFT4296 17/03/2023 40.00 17/03/2023 BOOK